书目信息 |
| 题名: |
但能心静即身凉
|
|
| 作者: | 南乔 著 | |
| 分册: | ||
| 出版信息: | 北京 中国华侨出版社 2021.03 |
|
| 页数: | 247页 | |
| 开本: | 21cm | |
| 丛书名: | ||
| 单 册: | ||
| 中图分类: | K825.6=424 | |
| 科图分类: | ||
| 主题词: | 诗人--shi ren--传记--中国--唐代 | |
| 电子资源: | ||
| ISBN: | 978-7-5113-8340-2 | |
| 000 | 00954nam0 2200265 450 | |
| 001 | CAL 0120192908797 | |
| 005 | 20230217093112.0 | |
| 010 | @a978-7-5113-8340-2@dCNY38.00 | |
| 100 | @a20210115d2021 em y0chiy0120 ea | |
| 101 | 0 | @achi |
| 102 | @aCN@b110000 | |
| 105 | @aa z 000yb | |
| 106 | @ar | |
| 200 | 1 | @a但能心静即身凉@Adan neng xin jing ji shen liang@e白居易诗传@f南乔著 |
| 210 | @a北京@c中国华侨出版社@d2021.03 | |
| 215 | @a247页@c图@d21cm | |
| 300 | @a侨见悦读汇 | |
| 330 | @a本书结合时代背景, 将白居易跌但起伏的人生故事和文辞优美的诗篇相结合。该书共分五章, 内容包括: 世事沧桑昔如梦 ; 寒窗独耐水脱鳞 ; 不将今日负初心 ; 竹节松心月光寒 ; 暮年自适何怡然。 | |
| 517 | 1 | @a白居易诗传@Abai ju yi shi zhuan |
| 600 | 0 | @a白居易,@Abai ju yi@f772-846@x传记 |
| 606 | 0 | @a诗人@Ashi ren@x传记@y中国@z唐代 |
| 690 | @aK825.6=424@v5 | |
| 701 | 0 | @a南乔@Anan qiao@4著 |
| 801 | 0 | @aCN@bBJXHZP@c20230228 |
| 905 | @b1401501-4@dK825.6=424@e1544@f4 | |
| 但能心静即身凉:白居易诗传/南乔著.-北京:中国华侨出版社,2021.03 |
| 247页:图;21cm |
| 侨见悦读汇 |
| ISBN 978-7-5113-8340-2:CNY38.00 |
| 本书结合时代背景, 将白居易跌但起伏的人生故事和文辞优美的诗篇相结合。该书共分五章, 内容包括: 世事沧桑昔如梦 ; 寒窗独耐水脱鳞 ; 不将今日负初心 ; 竹节松心月光寒 ; 暮年自适何怡然。 |
| ● |
| 相关链接 |
|
|
|
|
正题名:但能心静即身凉
索取号:K825.6=424/1544
 
预约/预借
| 序号 | 登录号 | 条形码 | 馆藏地/架位号 | 状态 | 备注 |
| 1 | 1401501 | 214015019 | 第二样本阅览室/ [索取号:K825.6=424/1544] | 在馆 | |
| 2 | 1401502 | 214015028 | 第二借阅区/ [索取号:K825.6=424/1544] | 在馆 | |
| 3 | 1401503 | 214015037 | 第二借阅区/ [索取号:K825.6=424/1544] | 在馆 | |
| 4 | 1401504 | 214015046 | 第二借阅区/ [索取号:K825.6=424/1544] | 在馆 |